Welcome to CU Library Online Public Access Catalogue (OPAC)

The subversive gospel : (Record no. 9360)

MARC details
000 -LEADER
fixed length control field 00622cam a2200193 a 4500
001 - CONTROL NUMBER
control field 12152036
005 - DATE AND TIME OF LATEST TRANSACTION
control field 20260421133332.0
008 - FIXED-LENGTH DATA ELEMENTS--GENERAL INFORMATION
fixed length control field 000823s2000 ohu b 000 0 eng
020 ## - INTERNATIONAL STANDARD BOOK NUMBER
International Standard Book Number 0829813985
Qualifying information alk. paper
020 ## - INTERNATIONAL STANDARD BOOK NUMBER
International Standard Book Number 9780829813982
Qualifying information (alk. paper)
041 1# - LANGUAGE CODE
Language code of text/sound track or separate title eng
Language code of original spa
050 00 - LIBRARY OF CONGRESS CALL NUMBER
Classification number BS2341.2
Item number .H35 2000
082 00 - DEWEY DECIMAL CLASSIFICATION NUMBER
Classification number 225.8/305
Edition information 21
100 1# - MAIN ENTRY--PERSONAL NAME
Personal name Hanks, Thomas D.
245 14 - TITLE STATEMENT
Title The subversive gospel :
Remainder of title a New Testament commentary of liberation /
Statement of responsibility, etc. Tom Hanks ; translated from the Spanish by John P. Doner.
260 ## - PUBLICATION, DISTRIBUTION, ETC.
Place of publication, distribution, etc. Cleveland :
Name of publisher, distributor, etc. Pilgrim Press,
Date of publication, distribution, etc. 2000.
300 ## - PHYSICAL DESCRIPTION
Extent xix, 267 p. ;
Dimensions 24 cm.
942 ## - ADDED ENTRY ELEMENTS (KOHA)
Source of classification or shelving scheme Library of Congress Classification
Koha item type Books
Suppress in OPAC No
999 ## -
-- 9360
-- 9360
Holdings
Withdrawn status Lost status Source of classification or shelving scheme Damaged status Not for loan Collection Home library Current library Shelving location Date acquired Total checkouts Full call number Barcode Date last seen Price effective from Koha item type
    Library of Congress Classification     Non-fiction Main Library (Kumasi) Main Library (Kumasi) General stacks 04/21/2026   BS2341.2.H35 HAN bssk00000088 04/21/2026 04/21/2026 Books
© 2023-2024 Copyright: Central University Libraries. All Rights Reserved | Created by: Mahone Tech Office